000 00825nam a2200253 a 4500
001 000001950
005 20200929145753.0
008 090630s2003 es a 001 0 spa d
020 _a8497321561
040 _aDO-SdBNP
_bspa
_cBNPHU
082 _a658.7
_bE74g
100 1 _aEscudero Serrano, Mª José
_96329
245 1 0 _aGestión de aprovisionamiento /
_cMª José Escudero Serrano.
260 _aMadrid :
_bThomson,
_c2003.
300 _a267 p. :
_bil. ;
_c30 cm.
490 1 _aAdministracion y finanzas
650 4 _aAbastecimiento
_96330
650 4 _aAdministración de materiales
_96331
650 4 _aLogística en los negocios
_96332
650 4 _aControl de inventarios
_96333
650 4 _aGestión industrial
_96334
830 0 _aAdministracion y finanzas
_96335
910 _aValidado. Control de la calidad EMS
999 _c1816
_d1816